Association of Geographic Information (Record no. 120401)

MARC details
000 -LEADER
fixed length control field 00967cam a2200229 4500
001 - CONTROL NUMBER
control field WS125568
008 - FIXED-LENGTH DATA ELEMENTS--GENERAL INFORMATION
fixed length control field 040324n 000 0 eng u
035 ## - SYSTEM CONTROL NUMBER
System control number (Sirsi) u125568
110 ## - MAIN ENTRY--CORPORATE NAME
Corporate name or jurisdiction name as entry element Association of Geographic Information
9 (RLIN) 1672
245 ## - TITLE STATEMENT
Title Association of Geographic Information
520 ## - SUMMARY, ETC.
Summary, etc. Web site providing free access to public and private sector geographic information enabling users to discover what geographic data is being held. Indexes information on environment, agriculture, government, utility infrastructure and land use. Also offers advice and guidance on creating geographical datasets.
650 ## - SUBJECT ADDED ENTRY--TOPICAL TERM
Topical term or geographic name entry element Environment
9 (RLIN) 6238
650 ## - SUBJECT ADDED ENTRY--TOPICAL TERM
Topical term or geographic name entry element GEOGRAPHICAL DATASETS
650 ## - SUBJECT ADDED ENTRY--TOPICAL TERM
Topical term or geographic name entry element AGRICULTURE
650 ## - SUBJECT ADDED ENTRY--TOPICAL TERM
Topical term or geographic name entry element Land use
9 (RLIN) 6251
650 ## - SUBJECT ADDED ENTRY--TOPICAL TERM
Topical term or geographic name entry element METADATA
650 ## - SUBJECT ADDED ENTRY--TOPICAL TERM
Topical term or geographic name entry element UK STANDARD GEOGRAPHIC BASE
650 ## - SUBJECT ADDED ENTRY--TOPICAL TERM
Topical term or geographic name entry element UKSGB
690 ## - LOCAL SUBJECT ADDED ENTRY--TOPICAL TERM (OCLC, RLIN)
Topical term or geographic name as entry element Geomatics
9 (RLIN) 6242
856 40 - ELECTRONIC LOCATION AND ACCESS
Uniform Resource Identifier <a href="https://www.agi.org.uk//">https://www.agi.org.uk//</a>
Public note View the document free of charge at agi.org.uk
942 ## - ADDED ENTRY ELEMENTS (KOHA)
Suppress in OPAC 0
Source of classification or shelving scheme Dewey Decimal Classification
Holdings
Withdrawn status Lost status Source of classification or shelving scheme Damaged status Not for loan Home library Current library Shelving location Date acquired Total Checkouts Full call number Barcode Date last seen Copy number Price effective from Koha item type
    Dewey Decimal Classification     Virtual Virtual Online 24/03/2004   WEB SITE 125568-1001 06/08/2019 1 06/08/2019 Online material